[Event "Groningen op"]
[Site "Groningen"]
[Date "1994.??.??"]
[Round "10"]
[White "Korotylev, Alexey"]
[Black "Kogan, Artur"]
[Result "1-0"]
[WhiteElo "2430"]
[BlackElo "2470"]

1.d4 Nf6 2.c4 e6 3.Nf3 b6 4.a3 Ba6 5.Qc2 c5 6.d5 exd5 7.cxd5 g6 8.Nc3 Bg7
9.g3 O-O 10.Bg2 d6 11.O-O Nbd7 12.h3 Re8 13.Re1 b5 14.e4 Qb6 15.Be3 Rac8
16.Nd2 Qb8 17.f4 c4 18.Nf3 Nc5 19.Bxc5 Rxc5 20.e5 dxe5 21.Nxe5 Bb7 22.Nc6 Qc7
23.Kh2 h5 24.Rxe8+ Nxe8 25.Re1 Bxc6 26.dxc6 Nf6 27.Qf2 Rf5 28.Kh1 Bf8 29.Qd2 a6
30.Ne2 h4 31.g4 Rc5 32.Nc3 Rxc6 33.Bxc6 Qxc6+ 34.Qg2 Qc7 35.Qf3 b4 36.axb4 Bxb4
37.Rc1 Qb6 38.Ne2 Bf8 39.Rc2 Nd7 40.Nc3 Qb3 41.Qe4 Qb6 42.Qxc4 Qe3 43.Qf1 Nc5
44.Re2 Qd3 45.Rf2 Qd4 46.Rf3 Qd2 47.Qe2 Qd4 48.f5 g5 49.Qe3 Qd8 50.b4 Nb3
51.f6 Qd2 52.Qxd2 Nxd2 53.Rf5 Bxb4 54.Rxg5+ Kh7 55.Rg7+ Kh6 56.Nd5  1-0

[Event "Haarlem AKN"]
[Site "Haarlem"]
[Date "1994.??.??"]
[Round "4"]
[White "Strating, Sybolt"]
[Black "Forintos, Gyozo V"]
[Result "0-1"]
[WhiteElo "2360"]
[BlackElo "2445"]

1.d4 Nf6 2.c4 e6 3.Nf3 b6 4.a3 Bb7 5.Nc3 Bd6 6.g3 Ne4 7.Nxe4 Bxe4 8.Bg2 O-O
9.O-O a5 10.Bd2 a4 11.Ne1 Bxg2 12.Nxg2 f5 13.Bc3 Nc6 14.f4 Qc8 15.Re1 Qa6
16.Qd3 Na5 17.Bxa5 bxa5 18.Rab1 Rab8 19.b3 axb3 20.Rxb3 Rxb3 21.Qxb3 a4 22.Qa2 Rb8
23.c5 Be7 24.Ne3 Rb3 25.Kf2 Qb5 26.Rd1 g5 27.Qc2 gxf4 28.gxf4 Bh4+ 29.Kf3 Rxa3
30.d5 Bf6 31.dxe6 dxe6  0-1

[Event "Hastings op9495"]
[Site "Hastings"]
[Date "1994.??.??"]
[Round "?"]
[White "Tozer, Richard"]
[Black "Lalic, Susan"]
[Result "0-1"]
[WhiteElo "2335"]
[BlackElo "2375"]

1.d4 Nf6 2.c4 e6 3.Nf3 b6 4.a3 Ba6 5.Qc2 Bb7 6.Nc3 c5 7.e4 cxd4 8.Nxd4 d6
9.Bg5 a6 10.Rd1 Nbd7 11.Be2 Be7 12.O-O Qc7 13.f4 O-O 14.f5 e5 15.Nb3 b5 16.Nd2 bxc4
17.Nxc4 Rfd8 18.Kh1 Rac8 19.Rd2 h6 20.Bh4 Nb6 21.Nxb6 Qxb6 22.Qa4 Nxe4 23.Nxe4 Bxh4
24.Rxd6 Rxd6 25.Nxd6 Qxd6 26.Qxh4 Rc2 27.Qg4 Qd2 28.f6 Qg5 29.Qxg5 hxg5 30.Rf2 e4  0-1

[Event "HUN-chT 9394"]
[Site "?"]
[Date "1994.??.??"]
[Round "?"]
[White "Dede, Erno"]
[Black "Csoke, Krisztian"]
[Result "1/2-1/2"]
[WhiteElo "2265"]
[BlackElo "2300"]

1.d4 Nf6 2.Nf3 e6 3.c4 b6 4.a3 c5 5.d5 d6 6.Nc3 e5 7.e4 Be7 8.Be2 Nbd7 9.O-O Nf8
10.Ne1 Ng6 11.Nd3 O-O 12.Rb1 Bd7 13.f4 exf4 14.Bxf4 Nxf4 15.Nxf4 Ne8 16.Nd3 Bf6
17.Bg4 a6 18.Qe2 Bd4+ 19.Kh1 Nf6 20.Bxd7 Qxd7 21.e5 Rae8 22.Rxf6 gxf6 23.Ne4 Qd8
24.Qg4+ Kh8 25.Nxf6 Rxe5 26.Qh4 Rh5 27.Qxh5 Qxf6 28.Qe2 Rg8 29.Re1 Qg5 30.Rf1 f5
31.Rf3 Qg4 32.Qf1 Rg5 33.h3 Qe4 34.Qe1 b5 35.Qd2 Rg6 36.b3 bxc4 37.bxc4 Rg8
38.Rf4 Be3 39.Rxe4 Bxd2 40.Re6 Rg3 41.Nf2 Rxa3 42.g4 fxg4 43.hxg4 Bf4 44.Ne4 Ra4
45.Nxd6 Bxd6 46.Rxd6 Rxc4 47.Rxa6  1/2-1/2

[Event "HUN-chT 9394"]
[Site "?"]
[Date "1994.??.??"]
[Round "?"]
[White "Szabolcsi, Janos"]
[Black "Orgovan, Sandor"]
[Result "0-1"]
[WhiteElo "2385"]
[BlackElo "2330"]

1.d4 Nf6 2.c4 e6 3.Nf3 b6 4.a3 c5 5.d5 exd5 6.cxd5 d6 7.Nc3 g6 8.Bg5 Bg7
9.Qa4+ Bd7 10.Qf4 Qe7 11.Bh4 O-O 12.Nd2 Re8 13.Nde4 Nxd5 14.Nxd5 Qxe4 15.Qxe4 Rxe4
16.g3 Bxb2 17.Rd1 Nc6 18.Bg2 Rxh4 19.gxh4 Re8 20.e3 Kg7 21.Nc7 Re7 22.Nb5 Nd4
23.Nxd6 Ba4 24.Rb1 Bc3+ 25.Kf1 Bc2 26.Be4 Rxe4 27.exd4 Bxb1 28.Nxe4 Bxe4
29.Rg1 cxd4 30.Ke2 Bf5 31.h5 b5 32.hxg6 hxg6 33.h4 Kf6 34.h5 gxh5 35.Rg8 d3+
36.Ke3 d2 37.Rd8 Bc2  0-1

[Event "HUN-chT 9394"]
[Site "?"]
[Date "1994.??.??"]
[Round "?"]
[White "Szabolcsi, Janos"]
[Black "Emodi, Barnabas"]
[Result "1/2-1/2"]
[WhiteElo "2385"]
[BlackElo "2270"]

1.d4 Nf6 2.c4 e6 3.Nf3 b6 4.a3 Bb7 5.Nc3 d5 6.cxd5 Nxd5 7.Qc2 Be7 8.e4 Nxc3
9.bxc3 O-O 10.Bd3 c5 11.O-O Nc6 12.Bb2 Rc8 13.Qe2 Re8 14.Rfd1 Bf8 15.h4 g6
16.Bb5 Qc7 17.h5 Qf4 18.Nh2 Bg7 19.Rd3 cxd4 20.cxd4 Red8 21.hxg6 hxg6 22.Rad1 Ne7
23.Re3 Nc6 24.d5 Ne5 25.g3 Qh6 26.f4 a6 27.fxe5 axb5 28.Red3 Qg5 29.Qg4 Qxg4
30.Nxg4 Rc2 31.R1d2 Rxd2 32.Rxd2 exd5 33.Nf6+ Bxf6 34.exf6 Kf8 35.Kf2 Ke8
36.e5 Kd7 37.Bd4 Ke6 38.Rb2 Ba6 39.a4 Rc8 40.axb5 Bb7 41.Ke3 Ra8 42.Rb3 Rc8
43.g4 Ra8 44.Rb4 Rc8 45.Kd3 Ra8 46.Rb3 Rc8 47.Rb2 Ra8 48.Rc2 Rc8 49.Rh2 Ra8
50.Bc3 Ra4 51.Rh8 Ra8 52.Rh7 Ra3 53.Rg7 Ra4 54.Bd4 Ra3+ 55.Kc2 Ra5 56.Kc3 Rxb5
57.Rg8 Bc6 58.Rc8 Bd7 59.Rc7 Rb1 60.Rb7 Rb5 61.Be3 Rb1 62.Bh6 d4+ 63.Kc4 d3
64.Kxd3 Rb4 65.Be3 Rxg4 66.Bd4 b5 67.Rb6+ Kf5 68.Rd6 Rg3+  1/2-1/2

[Event "HUN-chT 9394"]
[Site "?"]
[Date "1994.??.??"]
[Round "?"]
[White "Portisch, Lajos"]
[Black "Farago, Ivan"]
[Result "1/2-1/2"]
[WhiteElo "2605"]
[BlackElo "2515"]

1.d4 Nf6 2.c4 e6 3.Nf3 b6 4.a3 Ba6 5.Qc2 Bb7 6.Nc3 c5 7.e4 cxd4 8.Nxd4 Bc5
9.Nb3 Nc6 10.Nxc5 bxc5 11.Bd3 Nd4 12.Qd1 d5 13.exd5 exd5 14.O-O O-O 15.cxd5 Nxd5
16.Nb5 Nf6 17.Nxd4 Qxd4 18.Be2 Qe5 19.Bf3 Bxf3 20.Qxf3 Rfd8 21.Rb1 Rac8 22.Be3 Nd5
23.Bd2 Qf6 24.Qxf6 Nxf6 25.Ba5 Rd5 26.Rfc1 h6 27.h3 Nd7 28.Re1 Ne5 29.Bc3 Nc6
30.Re4 Rc7 31.Rbe1 Nd4 32.Re7 Rcd7 33.Rxd7 Rxd7 34.Re8+ Kh7 35.Kf1 Nb5 36.Ba5 Rd1+
37.Re1 Rd3 38.g3 Nd4 39.Bc3 Nb5 40.Be5 f6 41.Bb8 a6 42.a4 Nd4 43.Ba7 Nb3
44.Re3 Rd1+ 45.Kg2 c4 46.Rc3 Rd7 47.Bb6 Rd6 48.a5 Nd2 49.Rc2 Rd5 50.g4 Kg8
51.Be3 Nb3 52.Rxc4 Nxa5 53.Rc8+ Kf7 54.b4 Nb3 55.Rc3 Nd2 56.f3 Nb1 57.Rc7+ Kg8
58.Ra7 Rd6 59.Bc5 Rc6 60.Kf2 Na3 61.Ke3 a5 62.Ra8+ Kf7 63.Ra7+ Kg8 64.Rxa5 Nc4+
65.Kd4 Nxa5 66.bxa5 Kf7 67.Kd5 Re6 68.f4 f5 69.gxf5 Ra6 70.Bb6 Kf6 71.Ke4 Ra8
72.Bc7 Kf7 73.h4 Rc8 74.Bb6 Re8+ 75.Kd5 Kf6 76.a6 Kxf5 77.a7 Ra8 78.Kc6  1/2-1/2

[Event "HUN-chT 9394"]
[Site "?"]
[Date "1994.??.??"]
[Round "?"]
[White "Lorincz, Istvan"]
[Black "Sziraki, Tamas"]
[Result "1/2-1/2"]
[WhiteElo "2370"]
[BlackElo "2240"]

1.d4 Nf6 2.Nf3 e6 3.c4 b6 4.a3 Bb7 5.Nc3 d5 6.Bg5 Be7 7.e3 O-O 8.Rc1 Nbd7
9.cxd5 exd5 10.Be2 c5 11.O-O Rc8 12.dxc5 bxc5 13.Qb3 Qb6 14.Qxb6 Nxb6 15.h3 Rfd8
16.Rfd1 a6 17.Nb1 Na4 18.b3 Nb6 19.Nbd2 h6 20.Bh4 Kf8 21.Rc2 d4 22.exd4 cxd4
23.Rxc8 Bxc8 24.Nb1 Bf5 25.Bd3 Bxd3 26.Rxd3 Rc8 27.Rd1 d3 28.Ne5 d2 29.Nxd2 g5
30.Bg3 Bxa3 31.Ndc4 Nxc4 32.Nxc4 Be7 33.Ra1 Rc6 34.Be5 Nd7 35.Bd4 Bf6 36.Bxf6 Nxf6
37.Ra5 Ke7 38.g3 Re6 39.Ne3 Rb6 40.Ra3 Ke6 41.Nc4 Rc6 42.Kg2 Nd7 43.Na5  1/2-1/2

[Event "HUN-chT2 9394"]
[Site "?"]
[Date "1994.??.??"]
[Round "?"]
[White "Szollosi, Laszlo Jr"]
[Black "Farkas, Gyula"]
[Result "1/2-1/2"]
[WhiteElo "2345"]
[BlackElo "2205"]

1.d4 Nf6 2.Nf3 e6 3.c4 b6 4.a3 Bb7 5.Nc3 Be7 6.Bg5 O-O 7.e3 d5 8.Rc1 h6 9.Bxf6 Bxf6
10.cxd5 exd5 11.b4 Nd7 12.Qb3 c6 13.Be2 b5 14.O-O Re8 15.Ne1 Nb6 16.Nd3  1/2-1/2

[Event "ISL-ch playoff"]
[Site "?"]
[Date "1994.??.??"]
[Round "1"]
[White "Hjartarson, Johann"]
[Black "Olafsson, Helgi"]
[Result "1/2-1/2"]
[WhiteElo "2595"]
[BlackElo "2535"]

1.d4 Nf6 2.c4 e6 3.Nf3 b6 4.a3 Bb7 5.Nc3 d5 6.Bg5 Be7 7.Qa4+ c6 8.Bxf6 Bxf6
9.cxd5 exd5 10.g3 O-O 11.Bg2 c5 12.O-O Bc6 13.Qd1 Nd7 14.e3 Re8 15.Rc1 Rc8
16.h4 Nf8 17.Qd3 Ne6 18.Rfd1 Qd6 19.Qf5 cxd4 20.exd4 Nc7 21.Ne5 g6 22.Qf4 Bxe5
23.dxe5 Qxe5 24.Qxe5 Rxe5 25.Nxd5 Bxd5 26.Bxd5 Re7 27.Bb3 Rb8 28.Rc6 Ne8
29.Kg2 Kg7 30.h5 Rbb7 31.Ba4 Re5 32.hxg6 hxg6 33.b4  1/2-1/2

[Event "Isla Guitart op"]
[Site "Isla Guitart "]
[Date "1994.??.??"]
[Round "?"]
[White "Medina, Miguel"]
[Black "Diaz, Ricardo"]
[Result "0-1"]
[WhiteElo "2375"]
[BlackElo "2355"]

1.d4 e6 2.c4 Nf6 3.Nf3 b6 4.a3 Bb7 5.Nc3 Be7 6.d5 O-O 7.e4 d6 8.Be2 e5 9.O-O Bc8
10.Ne1 Ne8 11.Nd3 f5 12.exf5 Bxf5 13.Bg4 Nd7 14.Bxf5 Rxf5 15.f3 Nf8 16.b4 a5
17.Be3 Ng6 18.Qd2 Rf8 19.Ne4 Qd7 20.Rab1 Rf7 21.Qc3 h6 22.Qb3 axb4 23.axb4 Nf6
24.Ndf2 Nh5 25.c5 bxc5 26.bxc5 dxc5 27.Bxc5 Nhf4 28.Rfe1 Bxc5 29.Nxc5 Qxd5
30.Qxd5 Nxd5 31.Ncd3 Re7 32.Rb5 Ndf4 33.Rc5 Ra2 34.g3 Nxd3 35.Nxd3 Rd7 36.Rc3 c5
37.Rf1 c4 38.Nf2 Rd4 39.h4 Ne7 40.Ne4 Nd5 41.Rcc1 Ra3 42.Rf2 Nb4 43.Rc3  0-1

[Event "Isla Guitart op"]
[Site "Isla Guitart "]
[Date "1994.??.??"]
[Round "?"]
[White "Moreno, Alberto"]
[Black "Diaz, Ricardo"]
[Result "1-0"]
[WhiteElo "2280"]
[BlackElo "2355"]

1.d4 Nf6 2.c4 e6 3.Nf3 b6 4.a3 Bb7 5.Nc3 d5 6.cxd5 exd5 7.Qa4+ c6 8.g3 Bd6
9.Bh3 O-O 10.O-O Nbd7 11.Bg5 Qe8 12.Nh4 Kh8 13.Nf5 Bc7 14.Qc2 Rc8 15.Rfe1 h6
16.Bxf6 Nxf6 17.e4 dxe4 18.Nxe4 Qd8 19.Ne7 Nxe4 20.Bxc8 Bxc8 21.Qxe4 Bd7
22.Nxc6 Qa8 23.d5 Bd6 24.Ne5 f5 25.Qg2 Be8 26.Rad1 b5 27.Nc6 Bd7 28.Ne5 Be8
29.Nc6 Bd7 30.b4 f4 31.Ne5 Bxe5 32.Rxe5 f3 33.Qf1 Qc8 34.Rc1 Qd8 35.Rce1 Qf6
36.Qd3 a6 37.d6 Rc8 38.Re7 Rd8 39.Rxd7  1-0

[Event "ITA-chT"]
[Site "Italy"]
[Date "1994.??.??"]
[Round "?"]
[White "Lantini, Marco"]
[Black "Hugony, Fabrizio"]
[Result "0-1"]
[WhiteElo "2210"]
[BlackElo "2265"]

1.d4 Nf6 2.c4 e6 3.Nf3 b6 4.a3 Bb7 5.Nc3 Be7 6.d5 Na6 7.e4 Nc5 8.Qc2 exd5
9.cxd5 O-O 10.Bc4 c6 11.O-O cxd5 12.exd5 Rc8 13.b4 Na4 14.Nxa4 Bxd5 15.Nc5 Bxc4
16.Qxc4 bxc5 17.bxc5 d5 18.Qa4 Bxc5 19.Bb2 Ne4 20.Bd4 Bxd4 21.Qxd4 Qa5 22.Qb4 Qa6
23.Rac1 h6 24.h3 Rfe8 25.Rxc8 Rxc8 26.Rb1 Rc2 27.Qb5 Rc1+ 28.Kh2 Qd6+ 29.g3 Rxb1
30.Qxb1 Nxf2 31.Qf5 Ne4 32.Qc8+ Kh7 33.Qf5+ Qg6 34.Qe5 Qf6 35.Kg2 Qxe5 36.Nxe5 Nd6
37.Nc6 Nc8 38.a4 Kg6 39.Kf3 Kf5 40.g4+ Ke6 41.Nd4+ Kf6 42.Nc6 g6 43.Ke3 Kg5
44.Ne5 Kf6 45.Nc6 Kg5 46.Ne5 f5 47.Nf3+ Kf6 48.a5 Ne7 49.Nd4 Ke5 50.a6 f4+
51.Kd3 g5 52.Nf3+ Kd6 53.h4 gxh4 54.Nxh4 Kc5 55.Nf3 Nc6 56.Nh4 Ne5+  0-1

[Event "Kstovo op"]
[Site "Kstovo"]
[Date "1994.??.??"]
[Round "6"]
[White "Galliamova, Alisa"]
[Black "Balashov, Yuri S"]
[Result "1/2-1/2"]
[WhiteElo "2475"]
[BlackElo "2505"]

1.d4 Nf6 2.c4 e6 3.Nf3 b6 4.a3 Bb7 5.Nc3 Ne4 6.Nxe4 Bxe4 7.Nd2 Bb7 8.e4 g6
9.Bd3 Bg7 10.Nf3 d6 11.h4 h6 12.Be3 Nd7 13.Qc2 Qe7 14.O-O-O O-O-O 15.Kb1 Kb8
16.Nd2 c5 17.d5 Ne5 18.Be2 f5 19.f3 Rhf8 20.Ka1 a6 21.Nb1 exd5 22.cxd5 f4
23.Bc1 Rc8 24.Rdg1 Rf7 25.g3 fxg3 26.f4 Nd7 27.Rxg3 Nf6 28.Bf3 Nh5 29.Rxg6 Rf6
30.Rhg1 Ka7 31.Nc3 Bf8 32.Qa4 Qe8 33.Qxe8 Rxe8 34.f5 b5 35.Bxh6 b4 36.axb4 cxb4
37.Bxf8 Rexf8 38.Rxf6 Nxf6 39.Ne2 Nxd5 40.exd5 Rxf5 41.Nd4 Rf4 42.Nc6+ Kb6
43.Bd1 Rxh4 44.Ka2 a5 45.Rg6 Rh1 46.Ba4 b3+ 47.Bxb3 a4 48.Bc2 Rh2 49.Bd3 Rd2
50.Ne5 Rd1 51.Bc2 Rxd5 52.Nd3  1/2-1/2

[Event "Kstovo op"]
[Site "Kstovo"]
[Date "1994.??.??"]
[Round "7"]
[White "Korotylev, Alexey"]
[Black "Aseev, Konstantin N"]
[Result "1-0"]
[WhiteElo "2430"]
[BlackElo "2540"]

1.d4 Nf6 2.c4 e6 3.Nf3 b6 4.a3 Ba6 5.Qc2 Bb7 6.Nc3 c5 7.dxc5 bxc5 8.Bf4 d6
9.e3 Be7 10.Be2 O-O 11.Rd1 Qb6 12.O-O Rd8 13.Rd2 Nbd7 14.Rfd1 Nf8 15.Ng5 Rd7
16.Bf3 Bxf3 17.Nxf3 Ng6 18.Bg3 Nh5 19.Ne4 Nxg3 20.hxg3 Rdd8 21.g4 Rab8 22.Qa4 Qc7
23.Nc3 Rb6 24.Qc2 a6 25.Rd3 Rdb8 26.Na4 R6b7 27.R1d2 h6 28.Qd1 Nf8 29.Qe2 Nd7
30.Rc2 Qc6 31.Nc3 Nb6 32.Nd2 Nd7 33.Nde4 Nf6 34.f3 Rb6 35.Rcd2 Nxe4 36.Nxe4 Qc7
37.Rc2 Rd8 38.Qd1 Qb8 39.Qd2  1-0

[Event "Kstovo op"]
[Site "Kstovo"]
[Date "1994.??.??"]
[Round "8"]
[White "Labutin, Sergey"]
[Black "Verdihanov, Vladislav"]
[Result "1-0"]
[WhiteElo "2325"]
[BlackElo "2410"]

1.d4 Nf6 2.Nf3 e6 3.c4 b6 4.a3 Bb7 5.Nc3 g6 6.Qc2 Bg7 7.e4 d6 8.Bd3 Nbd7
9.O-O O-O 10.b4 a5 11.Bd2 h6 12.Rfb1 Nh7 13.Nb5 axb4 14.axb4 Rxa1 15.Rxa1 Qb8
16.Ra3 c6 17.Nc3 Re8 18.Qc1 g5 19.Be3 Nhf8 20.h4 f6 21.Ne2 d5 22.exd5 exd5
23.c5 bxc5 24.bxc5 Bc8 25.Ng3 Qc7 26.Nf5 Nb8 27.Qa1 Bxf5 28.Bxf5 Qf7 29.Ra8 Ne6
30.Qb1 Nd7 31.Qb7 g4 32.Qxc6 Rxa8 33.Qxa8+ Ndf8 34.Nh2 Qe7 35.Nxg4 Kf7  1-0

[Event "Kstovo op"]
[Site "Kstovo"]
[Date "1994.??.??"]
[Round "9"]
[White "Kornev, Alexei"]
[Black "Aseev, Konstantin N"]
[Result "1-0"]
[WhiteElo "2330"]
[BlackElo "2540"]

1.d4 Nf6 2.c4 e6 3.Nf3 b6 4.a3 Bb7 5.Nc3 d5 6.Qc2 Be7 7.cxd5 exd5 8.Bg5 Nbd7
9.e3 O-O 10.Rd1 c5 11.Bd3 g6 12.O-O Rc8 13.Ne5 cxd4 14.exd4 Nxe5 15.dxe5 Ne4
16.Bxe4 Bxg5 17.Qb3 Qc7 18.Bxd5 Ba6 19.Rfe1 Rce8 20.Qa4 Qc8 21.h4 b5 22.Qd4 Bd8
23.Ne4 Qc7 24.Nd6 Re7 25.Qf4  1-0

[Event "Las Palmas-B"]
[Site "Las Palmas"]
[Date "1994.??.??"]
[Round "3"]
[White "Brito, Alfredo"]
[Black "Kurajica, Bojan"]
[Result "1/2-1/2"]
[WhiteElo "2325"]
[BlackElo "2565"]

1.d4 Nf6 2.c4 e6 3.Nf3 b6 4.a3 Bb7 5.Nc3 d5 6.cxd5 exd5 7.Qa4+ c6 8.Bg5 Be7
9.e3 O-O 10.Bd3 Nbd7 11.O-O Re8 12.Rad1 g6 13.Bb1 a5 14.Qc2 b5 15.Rfe1 b4
16.axb4 axb4 17.Na4 Ne4 18.Bxe7 Qxe7 19.Nd2 Ng5 20.f4 Ne6 21.Nf3 Ra5 22.Rc1 Ba6
23.b3 Bb5 24.Nb2 Ra3 25.Nd3 Bxd3 26.Qxd3 c5 27.dxc5 Ndxc5 28.Qxd5 Nxb3 29.Rcd1 Qc5
30.Ne5 Qxd5 31.Rxd5 Nbc5 32.g4 Rd8 33.Nc6 Rxd5 34.Ne7+ Kf8 35.Nxd5 b3 36.Kf2 Ra5
37.Nc3 Na4 38.Nxa4 Rxa4 39.Ke2 Nc7 40.Kd2 Nd5 41.Rc1 Ra1 42.Kd3 Ke7 43.g5 b2
44.Re1 Ra3+ 45.Kc2 Rxe3 46.Rxe3+ Nxe3+ 47.Kxb2 f5 48.gxf6+ Kxf6 49.Kc3 Nd5+
50.Kd4 Nxf4 51.Ke4 Kg5 52.Kf3 Nh5 53.Ba2 Kh4 54.Be6 g5 55.Ke4 g4 56.Bc8 Nf6+
57.Ke5 Kg5 58.Bf5 h5 59.h4+ gxh3 60.Bxh3 Ng4+ 61.Kd4 Kf4 62.Bg2 h4 63.Kd3 Kg3
64.Bb7 Kf2 65.Ke4 h3 66.Kf4 Ne3 67.Bh1 h2 68.Ke4 Ng4 69.Kd3 Kg1 70.Ke2 Nf2
71.Bb7 Nh3 72.Bh1 Nf4+ 73.Ke1 Kxh1 74.Kf2  1/2-1/2

[Event "Las Vegas op"]
[Site "Las Vegas"]
[Date "1994.??.??"]
[Round "?"]
[White "Watson, John L"]
[Black "Browne, Walter S"]
[Result "0-1"]
[WhiteElo "2395"]
[BlackElo "2510"]

1.d4 Nf6 2.c4 e6 3.Nf3 b6 4.a3 Ba6 5.Qc2 Bb7 6.Nc3 c5 7.d5 exd5 8.cxd5 Nxd5
9.e4 Nc7 10.Bf4 Ne6 11.Bg3 Nc6 12.Bc4 Be7 13.O-O O-O 14.Qd3 Ncd4 15.Rad1 Bc6
16.Ne5 Bh4 17.f4 Bxg3 18.hxg3 Qc7 19.a4 Rae8 20.b3 Kh8 21.Nd5 Qd6 22.Ne3 f6
23.N5g4 Qb8 24.Kh2 Bxe4 25.Qxe4 f5 26.Qd5 fxg4 27.Nxg4 d6 28.Bd3 g6 29.Rde1 Qd8
30.Kg1 Ng7 31.Bc4 Ndf5 32.Qf3 h5 33.Nf2 Rxe1 34.Rxe1 Qc7 35.Bd3 Rd8  0-1

[Event "Lippstadt"]
[Site "Lippstadt"]
[Date "1994.??.??"]
[Round "5"]
[White "Farago, Ivan"]
[Black "Arkhipov, Sergey"]
[Result "1-0"]
[WhiteElo "2515"]
[BlackElo "2530"]

1.d4 Nf6 2.c4 e6 3.Nf3 b6 4.a3 c5 5.d5 Ba6 6.Qc2 exd5 7.cxd5 g6 8.Nc3 Bg7
9.g3 O-O 10.Bg2 d6 11.O-O Nbd7 12.h3 b5 13.Re1 Bb7 14.e4 a6 15.Bf4 Nb6 16.Rad1 Re8
17.Qb3 Rc8 18.g4 Nc4 19.e5 dxe5 20.Nxe5 Nxe5 21.Rxe5 Qd7 22.Rxe8+ Rxe8 23.Bg3 g5
24.d6 h5 25.Bxb7 Qxb7 26.Nd5 h4 27.Bh2 Ne4 28.Ne7+ Rxe7 29.dxe7 Qxe7 30.Re1 Nd2
31.Rxe7 Nxb3 32.Be5 Kf8 33.Bd6 Kg8 34.Re8+ Kh7 35.Be5 c4 36.Bxg7 Kxg7 37.Re5 f6
38.Re7+ Kg6 39.Re6 Nc5 40.Rc6 Na4 41.Rxa6 Nxb2 42.Kf1 Nd3 43.Rb6 c3 44.Rc6 b4
45.axb4 Nxb4 46.Rxc3 Nd5 47.Rf3 Kf7 48.Ke2 Ke6 49.Kd3 Ke5 50.Rf5+ Ke6 51.Kd4 Ne7
52.Rb5 Ng6 53.Ke4 Nf4 54.Rb6+ Ke7 55.Rb3 Ke6 56.Ra3 Ng6 57.Ra6+ Kf7 58.Ra7+ Ke6
59.Rh7 Ne5 60.f4 gxf4 61.Rxh4 f3 62.Rh5 f2 63.Rf5 Nf7 64.Ke3  1-0

[Event "Ljubljana op"]
[Site "Ljubljana"]
[Date "1994.??.??"]
[Round "?"]
[White "Tregubov, Pavel V"]
[Black "Kragelj, Igor"]
[Result "1/2-1/2"]
[WhiteElo "2495"]
[BlackElo "2250"]

1.d4 Nf6 2.Nf3 e6 3.c4 b6 4.a3 Ba6 5.Qc2 Bb7 6.Nc3 c5 7.e4 cxd4 8.Nxd4 d6
9.Be2 Be7 10.O-O O-O 11.Rd1 Nbd7 12.Be3 a6 13.Rac1 Qc7 14.f3 Rac8 15.Bf1 Rfe8
16.Qf2 Qb8 17.Nb3 Bd8 18.Qg3 Kh8 19.Qh3 Rg8 20.Bg5 Ba8 21.Nd2 Bc7 22.f4 Bc6
23.Bd3 Bd8 24.Re1 e5 25.Nf3 exf4 26.e5 dxe5 27.Bxf6 Nxf6 28.Ng5 g6 29.Nxf7+ Kg7
30.Nxe5 Be7 31.b4 Rge8 32.Nxc6 Rxc6 33.Ne4 Qc8 34.Qxc8 Rcxc8 35.c5 Nxe4 36.Rxe4 Rcd8
37.Rce1 Rxd3 38.Rxe7+ Rxe7 39.Rxe7+ Kf6 40.Ra7 bxc5 41.Rxa6+ Ke5 42.b5 Rb3
43.a4 c4 44.Kf2 Kd4 45.Rf6 Ke5 46.Rf7 Rb4 47.Re7+ Kd4 48.Kf3 Rxa4 49.b6 Rb4
50.b7 Kd3 51.Rd7+ Kc2 52.Kxf4 c3+ 53.Ke3 Kb2 54.Rc7 c2 55.Kd2 Rd4+ 56.Ke2 Rb4
57.Kd2 Rd4+  1/2-1/2

[Event "Lloyds Bank op"]
[Site "London"]
[Date "1994.??.??"]
[Round "2"]
[White "Savchenko, Stanislav"]
[Black "Donovan, Nigel"]
[Result "1-0"]
[WhiteElo "2570"]
[BlackElo "2170"]

1.d4 Nf6 2.c4 e6 3.Nf3 b6 4.a3 Bb7 5.Nc3 g6 6.Qc2 Bxf3 7.gxf3 Nc6 8.e3 Bg7
9.f4 O-O 10.Bg2 Qe7 11.O-O Rac8 12.b4 Nb8 13.c5 d5 14.a4 c6 15.Ba3 Nbd7 16.Rfc1 Rc7
17.cxb6 axb6 18.Nb5 Rb7 19.Qxc6 Nb8 20.Qd6 Qxd6 21.Nxd6 Ra7 22.Nc8 Rxa4 23.Nxb6 Ra6
24.Nc8 Rd8 25.b5 Ra5 26.b6 Bf8 27.Bxf8 Rxa1 28.Rxa1 Kxf8 29.Rc1 Rd7 30.Bf1 Rb7
31.Rc7  1-0

[Event "SWZ-ch op"]
[Site "Luzern"]
[Date "1994.??.??"]
[Round "?"]
[White "Morris, Charles F"]
[Black "Gast, Jonathan"]
[Result "1-0"]
[WhiteElo "2195"]
[BlackElo "2255"]

1.d4 Nf6 2.c4 e6 3.Nf3 b6 4.a3 Bb7 5.Nc3 d5 6.cxd5 exd5 7.g3 Be7 8.Bg2 O-O
9.O-O Nbd7 10.Bf4 c5 11.Rc1 Ne4 12.dxc5 Ndxc5 13.Nd4 Bf6 14.Ncb5 a6 15.Nc7 Rc8
16.b4 g5 17.bxc5 bxc5 18.Nce6 fxe6 19.Nxe6 Qe7 20.Nxf8 gxf4 21.Bxe4 dxe4
22.Nd7  1-0

[Event "SWZ-ch op"]
[Site "Luzern"]
[Date "1994.??.??"]
[Round "?"]
[White "Khenkin, Igor"]
[Black "Adianto, Utut"]
[Result "1/2-1/2"]
[WhiteElo "2580"]
[BlackElo "2520"]

1.d4 Nf6 2.c4 e6 3.Nf3 b6 4.a3 Bb7 5.Nc3 d5 6.cxd5 Nxd5 7.e3 g6 8.Nxd5 exd5
9.b4 Bg7 10.Be2 O-O 11.O-O Nd7 12.Qb3 c5 13.bxc5  1/2-1/2

[Event "SWZ-ch int"]
[Site "Luzern"]
[Date "1994.??.??"]
[Round "11"]
[White "Klauser, Markus"]
[Black "Huss, Andreas"]
[Result "1/2-1/2"]
[WhiteElo "2335"]
[BlackElo "2430"]

1.d4 e6 2.c4 Nf6 3.Nf3 b6 4.a3 Bb7 5.Nc3 d5 6.cxd5 exd5 7.Qa4+ c6 8.Bg5 Be7
9.e3 O-O 10.Be2 Nbd7 11.O-O Re8 12.Rfd1 a5 13.Qc2 h6 14.Bf4 b5 15.Ne5 Qb6
16.a4 b4 17.Nb1 Red8 18.Nd2 c5 19.Nxd7 Nxd7 20.dxc5 Nxc5 21.Nb3 Nxb3 22.Qxb3 d4
23.exd4 Rxd4 24.Rxd4 Qxd4 25.Be3 Qe5 26.Rd1 Rd8 27.Rxd8+ Bxd8 28.Bc4 Bc7
29.Bxf7+ Kh8 30.g3 Qe4 31.Kf1 Ba6+ 32.Ke1 Qb1+ 33.Kd2 Be5 34.Qc2 Qa1 35.Bc4 Bxc4
36.Qxc4 Qxb2+ 37.Qc2 Bc3+ 38.Kd3 Qa1 39.Kc4 Qf1+ 40.Qd3 Qg2 41.Kb5 Qb7+ 42.Bb6 Qc8
43.Qc4 Qe8+ 44.Kxa5 Qa8+ 45.Kb5 Qe8+ 46.Ka5 Qa8+  1/2-1/2

[Event "Madrid-B"]
[Site "Madrid"]
[Date "1994.??.??"]
[Round "4"]
[White "Yewdokimov, Oleg"]
[Black "Rajkovic, Dusan"]
[Result "1-0"]
[WhiteElo "2365"]
[BlackElo "2475"]

1.d4 Nf6 2.c4 e6 3.Nf3 b6 4.a3 Ba6 5.Qc2 Bb7 6.Nc3 c5 7.e4 cxd4 8.Nxd4 d6
9.Bg5 Nbd7 10.Rd1 a6 11.Be2 Be7 12.O-O Qc7 13.f4 h6 14.Bh4 Nxe4 15.Nxe4 Bxh4
16.Nxe6 fxe6 17.Nxd6+ Kd8 18.Nxb7+ Qxb7 19.Bf3 Qc8 20.Bxa8 Qxa8 21.Qa4 b5
22.cxb5 Ke7 23.f5 Bf6 24.Qb4+ Ke8 25.fxe6 Nf8 26.b6 Qb7 27.Rxf6  1-0

[Event "CRO-chT"]
[Site "Makarska"]
[Date "1994.??.??"]
[Round "3"]
[White "Grdinic, Zvonimir"]
[Black "Lisenko, Alexander V"]
[Result "1/2-1/2"]
[WhiteElo "2400"]
[BlackElo "2415"]

1.d4 Nf6 2.Nf3 b6 3.c4 e6 4.a3 Bb7 5.Nc3 d5 6.Bg5 Be7 7.Qa4+ c6 8.cxd5 exd5
9.e3 O-O 10.Bd3 Nbd7 11.O-O Ne4 12.Bxe7 Qxe7 13.Rac1 a6 14.Bb1 Rac8 15.Rfd1 f5
16.Qc2 Rf6 17.Nd2 Rh6 18.Nf1 g5 19.f3 Nd6 20.Re1 Re6 21.Re2 Re8 22.Rce1 a5
23.Qd1 Ba6 24.Bd3 Bxd3 25.Qxd3  1/2-1/2

[Event "CRO-chT"]
[Site "Makarska"]
[Date "1994.??.??"]
[Round "8"]
[White "Begovac, Franja"]
[Black "Cvitan, Ognjen"]
[Result "1/2-1/2"]
[WhiteElo "2420"]
[BlackElo "2570"]

1.d4 Nf6 2.c4 e6 3.Nf3 b6 4.a3 Bb7 5.Nc3 d5 6.cxd5 Nxd5 7.Qc2 Be7 8.e4 Nxc3
9.bxc3 c5 10.Bb5+ Bc6 11.Be3 Nd7 12.O-O O-O 13.Rfe1 cxd4 14.cxd4 Rc8  1/2-1/2

[Event "Maribor Pirc"]
[Site "Maribor"]
[Date "1994.??.??"]
[Round "10"]
[White "Kozul, Zdenko"]
[Black "Farago, Ivan"]
[Result "1-0"]
[WhiteElo "2575"]
[BlackElo "2515"]

1.d4 Nf6 2.c4 e6 3.Nf3 b6 4.a3 Ba6 5.Qb3 c6 6.Bg5 d5 7.cxd5 cxd5 8.Bxf6 gxf6
9.Nc3 Bg7 10.Rc1 O-O 11.g4 Nc6 12.Qa4 Bb7 13.e3 Ne7 14.Rg1 Kh8 15.Bd3 e5
16.Ba6 Bc6 17.Qd1 Ng6 18.h4 e4 19.h5 Ne7 20.Nh4 Bh6 21.Ne2 Bg5 22.Nf5 Nxf5
23.gxf5 Qd7 24.Qc2 Bb5 25.Bxb5 Qxb5 26.Qc6 Qxc6 27.Rxc6 Rac8 28.Rxc8 Rxc8
29.Kd2 Kg7 30.Nc3 Rd8 31.Ke2 Kf8 32.Rc1 Rc8 33.Kd2 Rd8 34.Nb5 a6 35.Nc7 a5
36.Nb5 Kg7 37.Ke2 Kh6 38.Rh1 Kg7 39.a4 Rd7 40.Kf1 Rd8 41.Nc3 Kh6 42.Ke2 Rd7
43.f4 exf3+ 44.Kxf3 Rd8 45.Ra1 Rd7 46.Ra3 Kxh5 47.Rb3 Kh4 48.Rb5 Kh3 49.Rxd5 Re7
50.Ne4 h5 51.Rd8 h4 52.Rc8 Kh2 53.Rc2+ Kg1 54.Rc1+ Kh2 55.Re1 Rxe4 56.Kxe4 Kg2
57.d5 Bh6 58.d6 Bf8 59.Kd5 h3 60.e4 h2 61.e5 fxe5 62.Kxe5 Kf3 63.Rh1 Kg2
64.Rxh2+ Kxh2 65.f6  1-0

[Event "Mondariz op"]
[Site "Mondariz"]
[Date "1994.??.??"]
[Round "?"]
[White "San Segundo, Pablo"]
[Black "Sjodahl, Pontus"]
[Result "1-0"]
[WhiteElo "2485"]
[BlackElo "2425"]

1.d4 Nf6 2.Nf3 e6 3.c4 b6 4.a3 Ba6 5.Qc2 Bb7 6.Nc3 c5 7.e4 cxd4 8.Nxd4 Bc5
9.Nb3 Nc6 10.Bf4 e5 11.Bg5 h6 12.Bh4 O-O 13.O-O-O a5 14.Bxf6 Qxf6 15.Rxd7 Rab8
16.Rd2 Nd4 17.Nxd4 Bxd4 18.Nb5 Bc5 19.Kb1 Rbd8 20.Bd3 Qg5 21.f3 Qf4 22.Rdd1 Rd7
23.Qe2 h5 24.g3 Qg5 25.Rhf1 Rfd8 26.Nc3 Bd4 27.Nd5 Bxd5 28.cxd5 Qe3 29.Qc2 Bc5
30.f4 Re7 31.Rfe1 Qf2 32.Re2 Qf3 33.Qc3 Bd4 34.Qc4 h4 35.Bc2 hxg3 36.hxg3 g6
37.Rh2 Kg7 38.Rdh1 Rd6 39.Qc8  1-0

[Event "Monaco m"]
[Site "Monte Carlo"]
[Date "1994.??.??"]
[Round "3"]
[White "Piket, Jeroen"]
[Black "Ljubojevic, Ljubomir"]
[Result "1/2-1/2"]
[WhiteElo "2605"]
[BlackElo "2600"]

1.d4 Nf6 2.c4 e6 3.Nf3 b6 4.a3 Ba6 5.Qc2 Bb7 6.Nc3 c5 7.e4 cxd4 8.Nxd4 d6
9.Be2 Be7 10.O-O O-O 11.Be3 a6 12.Rfd1 Qc7 13.Rac1 Nbd7 14.f3 Rfc8 15.Bf1 Qd8
16.Qf2 Rab8 17.Kh1 Ba8 18.Qg3 Rc7 19.b4 Qe8 20.b5 a5 21.Nb3 Rcc8 22.Na4 Qf8
23.Qf2 Bd8 24.Bd4 Bc7 25.Bb2 Qe7 26.Rc2 Nf8 27.Rcd2 Ng6 28.Kg1 Nd7 29.Nd4 Rd8
30.Nc2 Rbc8 31.Ne3 h5 32.g3 h4 33.Bg2 Nf6 34.Bxf6 hxg3 35.hxg3 gxf6 36.f4 Kg7
37.Nc3 Qf8 38.Ne2  1/2-1/2